000
00341nam a2200157Ia 4500
008
210716s1996 xx 000 0 und d
020
_a
789708108
041
_a
eng
082
_a
004.68 LAWB
100
_a
Lawrence, Bill.
245
_a
Using netware 4.1.
250
_a
2
260
_a
UK
_c
1996
300
_a
xliv,1421
650
_a
None
999
_c
181162
_d
181162